Hypotekárne centrá na Slovensku

Hypotekárne centrá v rámci organizačnej štruktúry hypotekárnych bánk. Analýza potrieb klientov. Ponuka služieb týkajúca sa vybavenia hypotekárneho úveru.

Gespeichert in:
Bibliographische Detailangaben
1. Verfasser: Serinová, Katarína
Format: Buchkapitel
Sprache:Slowakisch
Schlagworte:
Tags: Tag hinzufügen
Keine Tags, Fügen Sie das erste Tag hinzu!

MARC

LEADER 00000naa$a2200000$$$4500
001 0073045
005 20240502071851.1
041 0 |a slo 
044 |a SK 
245 1 0 |a Hypotekárne centrá na Slovensku  |c Katarína Serinová 
520 |a Hypotekárne centrá v rámci organizačnej štruktúry hypotekárnych bánk. Analýza potrieb klientov. Ponuka služieb týkajúca sa vybavenia hypotekárneho úveru. 
610 2 0 |a hypotéky 
610 2 0 |a banky hypotekárne 
610 2 0 |a služby bankové 
610 2 0 |a nehnuteľnosti 
610 2 0 |a úver hypotekárny 
100 1 |a Serinová, Katarína